Регионална библиотека "Любен Каравелов" - Русе

Христо Смирненски в критически анализи и тестове (Запис номер 106381)

MARC детайли
000 -Лидер
Контролно поле с фиксирана дължина 01769nam a2200385 c 4500
003 - Код на организацията, давaща контролен номер
Контролно поле BLK
005 - Дата и час на последна редакция
Контролно поле 20180422105723.0
008 - Елементи от данни с фиксирана дължина
fixed length control field 180409b bul|||||r ||||||| ||bul||
010 ## - Наследен системен номер
LC control number KNG00111639000
020 ## - Международен стандартен номер на книга ISBN
Международен стандартен номер на книга ISBN 954-448-036-6
-- издат.: Перо класика
040 ## - Източник на каталожния запис
Идентификатор на билиотеката - собственик на записа BLK
041 ## - Код за език
Код за езика на текст/звукозапис или на отделно заглавие Български
Код за езика КДБФ Български
080 ## - УДК
Текстов определител УДК Българска литература
УДК код - определител по УДК 821.163.2
УДК определител .09(092)
УДК - код + определител 821.163.2.09(092)
080 ## - УДК
Текстов определител УДК Христо Димитров Измирлиев. Български поет
УДК код - определител по УДК 929 Смирненски, Христо
УДК определител
УДК - код + определител 929 Смирненски, Христо
139 ## - Редно поле
Редна дума Христо Смирненски в критически анализи и тестове
Авторски знак Сми - С 47
245 10 - Сведения за заглавието
Заглавие Христо Смирненски в критически анализи и тестове
Редно поле (дума) състав. и текст Живко Иванов; ред. Светлозар Жеков.
257 ## - Страна на издаване
Страна на създаване/издаване България
260 ## - Област на издателските данни
-- София
Име на издателя, разпространителя и проч. Перо класика
Година на издаване 2001
Печатница Русе : Дунав прес
300 ## - Физическа характеристика
Страници 413 с.
Размери/Мащаб 20 см
380 ## - Жанр
Жанр Литературознание
490 1# - СЕРИИ (Колекции)
Име на серия Мултимедийна библиотека Книжовно наследство
490 1# - СЕРИИ (Колекции)
-- Подсерия
Име на серия Новият прочит
600 14 - Име на лице, използвано като предмет
За него / За нея Смирненски, Христо
9 (RLIN) 243148
650 #4 - Допълнително описание по предмет – тема
Основно описание – тема или топоним Поети, български - творчество
9 (RLIN) 250545
650 #4 - Допълнително описание по предмет – тема
Основно описание – тема или топоним Смирненски, Христо
9 (RLIN) 243148
653 ## - Ключова дума – ненормативна
Ключова дума Христо Смирненски
653 ## - Ключова дума – ненормативна
Ключова дума български поети
700 1# - Други автори (авторска отговорност)
Лично име Иванов, Живко
Автороска отговорност (Описва отношението между автора и произведението) състав. и текст
9 (RLIN) 375323
700 1# - Други автори (авторска отговорност)
Лично име Жеков, Светлозар
Автороска отговорност (Описва отношението между автора и произведението) ред.
9 (RLIN) 374967
852 ## - Местоположение
Форматна сигнатура Цб 218505
856 4# - Електронен адрес и достъп
Електронен формат pdf - файл
Път до файла /url/
856 4# - Електронен адрес и достъп
Електронен формат pdf - файл
Път до файла /url/
942 ## - АРТИКУЛИ
Вид на библиотечния материал Книги
Скрит в OPAC Не
944 ## - СЪЗДАВАНЕ И РЕДАКЦИЯ на ЗАПИСА
Създаване/Редакция Създаване
Дата на регистрацията/редакция 11.03.2004
Служител, извършил регистрацията/редакцията Геновева_Генчева
944 ## - СЪЗДАВАНЕ И РЕДАКЦИЯ на ЗАПИСА
Създаване/Редакция Редакция
Дата на регистрацията/редакция 05.04.2004
Служител, извършил регистрацията/редакцията
999 ## - СИСТЕМНИ КОНТРОЛНИ НОМЕРА
Koha biblionumber 106381
Koha biblioitemnumber 106381
Наличности
Код за отписване Код за изгубен артикул Код за повреда Коз за рестрикции Код за отдаване Артикулен № Име на библиотеката - собственик Име на библиотеката, в която се намира в момента Статус (Текущо местоположение) Дата на вписване в системата Местоположение - отдел Цена в лева Инвентарен номер Систематично азбучна сигнатура Баркод Номер на екземпляра Цена в евро Служебна бележка Служебен тип на артикула
  Не е изгубен Не е повреден без рестрикции ползва се в читалня 171597 Регионална библиотека "Любен Каравелов" Русе Регионална библиотека "Любен Каравелов" Русе Хранилище 2004-03-11 Хранилище 0.00 120000683557 Цб 218505 120000683557 1 0.00 Дост: Dp Вид: Д N: 17 Дата: 09.04.2003 Книги
Vip Innovations Ltd, Rousse, Bulgaria 2025